[Event "Benasque op 44th"]
[Site "Benasque"]
[Date "2025.07.09"]
[Round "6"]
[White "Gopal, Geetha Narayanan"]
[Black "Poh, Yu Tian"]
[Result "1-0"]
[WhiteElo "2549"]
[BlackElo "2458"]
[PlyCount "77"]
[EventDate "2025.07.04"]
[EventType "swiss"]
[EventRounds "10"]
[EventCountry "ESP"]
[SourceTitle "CB29_2025"]
[SourceDate "2025.07.16"]
[SourceVersion "1"]
[SourceVersionDate "2025.07.16"]
[SourceQuality "1"]

1. e4 c5 2. Nf3 d6 3. d4 cxd4 4. Nxd4 Nf6 5. Nc3 a6 6. Be3 e5 7. Nb3 Be7 8. h3 Be6 9. Qf3 Nbd7 10. g4 h6 11. 0-0-0 Rc8 12. Nd5 Bxd5 13. exd5 Nb6 14. Kb1 Qc7 15. c3 Nc4 16. Bc1 Nd7 17. h4 g6 18. Bd3 h5 19. gxh5 Rxh5 20. Rdg1 e4 21. Bxe4 Nce5 22. Qg2 Nf6 23. f4 Nxe4 24. fxe5 Qc4 25. e6 Qxd5 26. exf7+ Kd7 27. Nd4 Kc7 28. Qxg6 Kb8 29. Re1 Re5 30. Bf4 Rxc3 31. Bxe5 Nd2+ 32. Ka1 Ra3 33. bxa3 dxe5 34. Qd3 Nc4 35. Rhf1 Bf8 36. Qe4 Qc5 37. Ne6 Qxa3 38. Qxc4 Bb4 39. f8Q+ 1-0

[Event "Penang Heritage op 16th"]
[Site "Penang"]
[Date "2024.12.26"]
[Round "6"]
[White "Poh, Yu Tian"]
[Black "Gunawan, Ronny"]
[Result "1-0"]
[WhiteElo "2444"]
[BlackElo "2227"]
[PlyCount "114"]
[EventDate "2024.12.23"]
[EventType "swiss"]
[EventRounds "9"]
[EventCountry "MAS"]
[SourceTitle "CB14_2025"]
[SourceDate "2024.11.01"]
[SourceVersion "1"]
[SourceVersionDate "2024.11.01"]
[SourceQuality "1"]

1. e4 g6 2. d4 Bg7 3. Nc3 c6 4. f4 d5 5. e5 Nh6 6. Nf3 f6 7. Bd3 Bf5 8. h3 Bxd3 9. Qxd3 Nd7 10. g4 Nb6 11. Ne2 Nf7 12. Bd2 e6 13. 0-0-0 Qe7 14. Rdg1 Nc4 15. h4 0-0-0 16. Bc3 b5 17. b3 Nb6 18. Qd2 Kb7 19. Bb4 Qc7 20. h5 fxe5 21. Nxe5 gxh5 22. Rxh5 Bf8 23. Bxf8 Rdxf8 24. Rgh1 Nxe5 25. Rxe5 Rhg8 26. Rxe6 Rxg4 27. Rhh6 Rg6 28. Rhxg6 hxg6 29. Qe3 Rf7 30. Rxg6 Nd7 31. Re6 Nf8 32. Rh6 Re7 33. Qd2 Re4 34. Rh3 Qe7 35. Nc3 Re1+ 36. Kb2 a5 37. Nxd5 cxd5 38. Qxa5 Nd7 39. Rh6 Re6 40. Qxb5+ Nb6 41. Rxe6 Qxe6 42. a4 Kc7 43. a5 Nd7 44. a6 Nb6 45. Qc5+ Kb8 46. Qf8+ Ka7 47. f5 Qe4 48. Qg7+ Kxa6 49. Qe5 Qf3 50. f6 Qf2 51. Kc1 Qf1+ 52. Kd2 Ka5 53. Qe7 Qf2+ 54. Kc3 Qf3+ 55. Kb2 Qf2 56. f7 Nc4+ 57. bxc4 Qxd4+ 1-0

[Event "Penang Heritage op 16th"]
[Site "Penang"]
[Date "2024.12.24"]
[Round "2"]
[White "Poh, Yu Tian"]
[Black "Lee, Yun Rui"]
[Result "1-0"]
[WhiteElo "2444"]
[BlackElo "1886"]
[PlyCount "91"]
[EventDate "2024.12.23"]
[EventType "swiss"]
[EventRounds "9"]
[EventCountry "MAS"]
[SourceTitle "CB14_2025"]
[SourceDate "2024.11.01"]
[SourceVersion "1"]
[SourceVersionDate "2024.11.01"]
[SourceQuality "1"]

1. e4 c6 2. Nf3 d5 3. d3 dxe4 4. dxe4 Qxd1+ 5. Kxd1 Bg4 6. Be2 Nf6 7. Nbd2 Nbd7 8. Ne1 g6 9. f3 Be6 10. Bc4 Nc5 11. Bxe6 Nxe6 12. Nc4 h5 13. c3 Bh6 14. Bxh6 Rxh6 15. h4 Nd7 16. Nd3 0-0-0 17. Ke2 f6 18. b4 Nb6 19. Nxb6+ axb6 20. a4 Rhh8 21. Rhd1 Rd7 22. Ke3 Rhd8 23. Nb2 Rxd1 24. Nxd1 Kc7 25. Nb2 Ra8 26. Nd3 c5 27. b5 Kd7 28. f4 Nc7 29. Rd1 Ke6 30. f5+ gxf5 31. Nf4+ Kf7 32. Rd7 Ne8 33. Nd5 Rxa4 34. exf5 Nd6 35. Rxe7+ Kf8 36. Re6 Nxf5+ 37. Kd3 Nxh4 38. Rxf6+ Kg7 39. Rxb6 Nxg2 40. Rxb7+ Kg6 41. b6 Nf4+ 42. Nxf4+ Rxf4 43. Rc7 Rf6 44. b7 Rb6 45. Ke4 Rxb7 46. Rc6+ 1-0

[Event "Penang Heritage op 16th"]
[Site "Penang"]
[Date "2024.12.23"]
[Round "1"]
[White "Patini, Vishant Naidu"]
[Black "Poh, Yu Tian"]
[Result "0-1"]
[WhiteElo "1782"]
[BlackElo "2444"]
[PlyCount "92"]
[EventDate "2024.12.23"]
[EventType "swiss"]
[EventRounds "9"]
[EventCountry "MAS"]
[SourceTitle "CB14_2025"]
[SourceDate "2024.11.01"]
[SourceVersion "1"]
[SourceVersionDate "2024.11.01"]
[SourceQuality "1"]

1. d4 Nf6 2. Nf3 g6 3. Bf4 Bg7 4. e3 d6 5. h3 0-0 6. Be2 c5 7. c3 Qb6 8. Qb3 Be6 9. Qxb6 axb6 10. a3 Bd5 11. Nbd2 Bc6 12. 0-0 Nbd7 13. Rfe1 Rfd8 14. Bh2 b5 15. Rad1 Rac8 16. Bf1 Nb6 17. e4 Na4 18. Rb1 h5 19. Bf4 Nh7 20. Nb3 c4 21. Nbd2 e5 22. Be3 f5 23. exf5 gxf5 24. g3 Rf8 25. dxe5 dxe5 26. Be2 Rcd8 27. Rec1 Bf6 28. b3 Nxc3 29. Rxc3 e4 30. Nd4 Bxd4 31. Bxd4 Rxd4 32. Nf1 cxb3 33. Rcxb3 Ng5 34. Bxb5 Bd5 35. Rb4 Rxb4 36. axb4 f4 37. Rd1 Be6 38. Bd7 Nxh3+ 39. Kh2 fxg3+ 40. Kxg3 Rf3+ 41. Kh4 Rf4+ 42. Kg3 h4+ 43. Kg2 Rxf2+ 44. Kh1 Bxd7 45. Rxd7 Rxf1+ 46. Kg2 Rf3 0-1

[Event "Penang op-A 14th"]
[Site "Penang"]
[Date "2022.12.23"]
[Round "7"]
[White "Poh, Yu Tian"]
[Black "Lim, Chuin Hoong Ronnie"]
[Result "1-0"]
[WhiteElo "2367"]
[BlackElo "2225"]
[PlyCount "51"]
[EventDate "2022.12.19"]
[EventType "swiss"]
[EventRounds "9"]
[EventCountry "MAS"]
[SourceTitle "CBM 211 Extra"]
[Source "ChessBase"]
[SourceDate "2023.01.31"]
[SourceVersion "1"]
[SourceVersionDate "2023.01.31"]
[SourceQuality "1"]

1. e4 d6 2. d4 Nf6 3. Nc3 e5 4. Nf3 Nbd7 5. Bc4 Be7 6. a4 c6 7. a5 Qc7 8. 0-0 h6 9. Re1 Nf8 10. h3 g5 11. d5 Rg8 12. a6 b5 13. Bb3 b4 14. Ba4 bxc3 15. Bxc6+ Bd7 16. Bxa8 g4 17. hxg4 Rxg4 18. bxc3 Nxe4 19. Be3 Ng6 20. Qb1 Nf4 21. Bxf4 Rxf4 22. Bc6 Bxc6 23. dxc6 Bd8 24. Re3 Nc5 25. Qb7 Qb6 26. Rb1 1-0

[Event "Penang op-A 14th"]
[Site "Penang"]
[Date "2022.12.22"]
[Round "6"]
[White "Dinh, Nho Kiet"]
[Black "Poh, Yu Tian"]
[Result "1/2-1/2"]
[WhiteElo "2041"]
[BlackElo "2367"]
[PlyCount "83"]
[EventDate "2022.12.19"]
[EventType "swiss"]
[EventRounds "9"]
[EventCountry "MAS"]
[SourceTitle "CBM 211 Extra"]
[Source "ChessBase"]
[SourceDate "2023.01.31"]
[SourceVersion "1"]
[SourceVersionDate "2023.01.31"]
[SourceQuality "1"]

1. d4 Nf6 2. c4 g6 3. Nc3 d5 4. Nf3 Bg7 5. Qb3 dxc4 6. Qxc4 Be6 7. Qb5+ Bd7 8. Qxb7 Nc6 9. Qb3 Rb8 10. Qd1 Bf5 11. Qa4 Qd7 12. a3 Be6 13. b4 Nd5 14. Nxd5 Bxd5 15. e3 Qe6 16. Be2 0-0 17. 0-0 Nxd4 18. Nxd4 Bxd4 19. exd4 Qxe2 20. Qd1 Qxd1 21. Rxd1 f6 22. Bf4 Rb7 23. Rac1 c6 24. Rc5 g5 25. Be3 Kf7 26. Rb1 Rd8 27. f3 h5 28. a4 Rdb8 29. Bd2 e6 30. Kf2 Kg6 31. h4 Rg8 32. hxg5 fxg5 33. b5 Rgb8 34. Ba5 h4 35. Kg1 Kf5 36. Kh2 g4 37. fxg4+ Kxg4 38. Rb4 cxb5 39. Rbxb5 Rxb5 40. axb5 Kf5 41. Bc7 Rg8 42. Kh3 1/2-1/2

[Event "Penang op-A 14th"]
[Site "Penang"]
[Date "2022.12.21"]
[Round "4"]
[White "Poh, Yu Tian"]
[Black "Priasmoro, Novendra"]
[Result "1/2-1/2"]
[WhiteElo "2367"]
[BlackElo "2501"]
[PlyCount "83"]
[EventDate "2022.12.19"]
[EventType "swiss"]
[EventRounds "9"]
[EventCountry "MAS"]
[SourceTitle "CBM 211 Extra"]
[Source "ChessBase"]
[SourceDate "2023.01.31"]
[SourceVersion "1"]
[SourceVersionDate "2023.01.31"]
[SourceQuality "1"]

1. e4 e5 2. Nf3 Nc6 3. Bb5 a6 4. Ba4 Nf6 5. 0-0 b5 6. Bb3 Nxe4 7. d4 d5 8. dxe5 Be6 9. Nbd2 Nc5 10. c3 Be7 11. Bc2 d4 12. Nb3 d3 13. Nxc5 dxc2 14. Qxd8+ Rxd8 15. Nxe6 fxe6 16. Be3 Rd5 17. Rac1 Nxe5 18. Nxe5 Rxe5 19. Rxc2 Rd5 20. Rd2 Rxd2 21. Bxd2 Kf7 22. Be3 Rd8 23. Rc1 c5 24. Kf1 c4 25. Ke2 Bf6 26. Rd1 Rxd1 27. Kxd1 e5 28. f3 Ke6 29. Ke2 Kd5 30. g4 g6 31. h3 h5 32. Kd2 Bd8 33. Ke2 a5 34. Bd2 Be7 35. a3 Bh4 36. Be3 Bg3 37. Bf2 Bf4 38. Be3 hxg4 39. Bxf4 exf4 40. hxg4 Kc5 41. Kd2 g5 42. Ke2 1/2-1/2

[Event "Penang op-A 14th"]
[Site "Penang"]
[Date "2022.12.19"]
[Round "1"]
[White "Lee, Jing Xi Jonathan"]
[Black "Poh, Yu Tian"]
[Result "0-1"]
[WhiteElo "1731"]
[BlackElo "2367"]
[PlyCount "44"]
[EventDate "2022.12.19"]
[EventType "swiss"]
[EventRounds "9"]
[EventCountry "MAS"]
[SourceTitle "CBM 211 Extra"]
[Source "ChessBase"]
[SourceDate "2023.01.31"]
[SourceVersion "1"]
[SourceVersionDate "2023.01.31"]
[SourceQuality "1"]

1. Nf3 c5 2. b3 Nf6 3. e3 g6 4. Bb2 Bg7 5. d4 0-0 6. dxc5 Qc7 7. b4 a5 8. Be5 Qc6 9. Nd4 Qd5 10. Bxb8 Rxb8 11. Nc3 Qe5 12. a3 b6 13. cxb6 Rxb6 14. b5 Bb7 15. Qd2 Rc8 16. f4 Qc7 17. Na4 Ne4 18. Qd3 Bxd4 19. exd4 Qxf4 20. Nxb6 Qf2+ 21. Kd1 Rc3 22. Nc4 Rxc4 0-1

[Event "Olympiad-44"]
[Site "Chennai"]
[Date "2022.08.01"]
[Round "4.4"]
[White "Rajerison, Mananihaja Charly"]
[Black "Poh, Yu Tian"]
[Result "0-1"]
[WhiteElo "1912"]
[BlackElo "2118"]
[PlyCount "122"]
[EventDate "2022.07.29"]
[EventType "team-swiss"]
[EventRounds "11"]
[EventCountry "IND"]
[SourceTitle "CBM 210"]
[Source "ChessBase"]
[SourceDate "2022.10.31"]
[SourceVersion "1"]
[SourceVersionDate "2022.10.31"]
[SourceQuality "1"]
[WhiteTeam "Madagascar"]
[BlackTeam "Malaysia"]
[WhiteTeamCountry "MAD"]
[BlackTeamCountry "MAS"]

1. e4 c5 2. Nf3 d6 3. d4 cxd4 4. Nxd4 Nf6 5. Nc3 a6 6. Bc4 e6 7. Bb3 b5 8. 0-0 Be7 9. f4 0-0 10. a3 Bb7 11. f5 e5 12. Nde2 Nbd7 13. Ng3 Rc8 14. Kh1 Nb6 15. Bd5 Nbxd5 16. exd5 Rxc3 17. bxc3 Nxd5 18. f6 Nxf6 19. Nf5 Be4 20. Bg5 Qd7 21. Nxe7+ Qxe7 22. Qe2 d5 23. a4 Qe6 24. axb5 axb5 25. Ra5 Nd7 26. Rfa1 h6 27. Ra6 Qf5 28. Be7 Re8 29. Rf1 Qh7 30. Qxb5 Bxg2+ 31. Kxg2 Qe4+ 32. Kg1 Rxe7 33. Ra8+ Kh7 34. Qd3 Nc5 35. Qxe4+ Nxe4 36. Rc8 f5 37. Rc6 f4 38. Kg2 Nd2 39. Ra1 e4 40. Kf2 e3+ 41. Ke1 f3 42. Rd1 f2+ 43. Ke2 Rf7 44. Kxe3 f1Q 45. Rxf1 Nxf1+ 46. Kd4 Nxh2 47. Kxd5 g5 48. Re6 g4 49. Re2 g3 50. Rg2 Nf1 51. Rg1 Rf2 52. c4 g2 53. Kd4 Rxc2 54. Kd3 Rd2+ 55. Ke4 Ng3+ 56. Ke3 Rc2 57. Kd3 Ra2 58. Rb1 Nf1 59. Rb7+ Kg6 60. Rb8 Kh5 61. Rg8 Ng3 0-1

[Event "Olympiad-44"]
[Site "Chennai"]
[Date "2022.07.29"]
[Round "1.4"]
[White "Bansal, Nayan"]
[Black "Poh, Yu Tian"]
[Result "0-1"]
[WhiteElo "1444"]
[BlackElo "2118"]
[PlyCount "46"]
[EventDate "2022.07.29"]
[EventType "team-swiss"]
[EventRounds "11"]
[EventCountry "IND"]
[SourceTitle "CBM 210"]
[Source "ChessBase"]
[SourceDate "2022.10.31"]
[SourceVersion "1"]
[SourceVersionDate "2022.10.31"]
[SourceQuality "1"]
[WhiteTeam "US Virgin Islands"]
[BlackTeam "Malaysia"]
[WhiteTeamCountry "ISV"]
[BlackTeamCountry "MAS"]

1. f4 Nf6 2. Nf3 c5 3. c4 d5 4. cxd5 Nxd5 5. d3 Nc6 6. e4 Nc7 7. Nc3 Bg4 8. Be2 e6 9. 0-0 Be7 10. Be3 0-0 11. d4 Bxf3 12. Rxf3 cxd4 13. Qd2 dxe3 14. Qxe3 Nd4 15. Bd3 Nxf3+ 16. Qxf3 e5 17. Rd1 Bc5+ 18. Kh1 Qf6 19. f5 Rfd8 20. Rc1 Qg5 21. Ne2 Qe3 22. Qxe3 Bxe3 23. Rd1 Na6 0-1

[Event "SEA Blitz Team 31st"]
[Site "Ha Long"]
[Date "2022.05.21"]
[Round "4"]
[White "Le, Tuan Minh"]
[Black "Poh, Yu Tian"]
[Result "1-0"]
[WhiteElo "2514"]
[BlackElo "2081"]
[PlyCount "98"]
[EventDate "2022.05.21"]
[EventType "team-tourn (blitz)"]
[EventRounds "5"]
[EventCountry "VIE"]
[SourceTitle "CBM 208 Extra"]
[Source "ChessBase"]
[SourceDate "2022.07.31"]
[SourceVersion "1"]
[SourceVersionDate "2022.07.31"]
[SourceQuality "1"]
[WhiteTeam "Vietnam"]
[BlackTeam "Malaysia"]
[WhiteTeamCountry "VIE"]
[BlackTeamCountry "MAS"]

1. d4 Nf6 2. Nf3 g6 3. Bg5 Bg7 4. Nbd2 d5 5. e3 0-0 6. c3 b6 7. Bd3 c5 8. 0-0 Nc6 9. h3 Bb7 10. Qe2 Re8 11. Rfd1 Qc8 12. Bf4 Nd7 13. Bb5 a6 14. Ba4 b5 15. Bb3 e5 16. dxe5 Ncxe5 17. Nxe5 Nxe5 18. Bxe5 Bxe5 19. Nf3 Qe6 20. Nxe5 Qxe5 21. Qf3 Rad8 22. Rd2 Rd6 23. Rad1 Red8 24. Qg4 h5 25. Qh4 R8d7 26. a4 Kg7 27. Ba2 Bc6 28. Rc1 Qf6 29. Qxf6+ Kxf6 30. b4 c4 31. Bb1 Ke5 32. Bc2 a5 33. Bd1 Ra7 34. Bf3 axb4 35. axb5 Bxb5 36. cxb4 Ra3 37. h4 Rd7 38. Kh2 Rda7 39. g3 Rb3 40. Rcc2 Rd7 41. Rd4 Rxb4 42. g4 hxg4 43. Bxg4 f5 44. f4+ Ke6 45. Bf3 Rb1 46. Kg2 Rh7 47. Ra2 Bc6 48. Ra7 Bb7 49. Kg3 Rb2 1-0

[Event "SEA Blitz Team 31st"]
[Site "Ha Long"]
[Date "2022.05.21"]
[Round "2"]
[White "Poh, Yu Tian"]
[Black "Garcia, Jan Emmanuel"]
[Result "1/2-1/2"]
[WhiteElo "2081"]
[BlackElo "2403"]
[PlyCount "152"]
[EventDate "2022.05.21"]
[EventType "team-tourn (blitz)"]
[EventRounds "5"]
[EventCountry "VIE"]
[SourceTitle "CBM 208 Extra"]
[Source "ChessBase"]
[SourceDate "2022.07.31"]
[SourceVersion "1"]
[SourceVersionDate "2022.07.31"]
[SourceQuality "1"]
[WhiteTeam "Malaysia"]
[BlackTeam "Philippines"]
[WhiteTeamCountry "MAS"]
[BlackTeamCountry "PHI"]

1. e4 e5 2. Nf3 Nc6 3. Bb5 Nf6 4. 0-0 Nxe4 5. Re1 Nd6 6. Nxe5 Be7 7. Bf1 Nxe5 8. Rxe5 0-0 9. d4 Bf6 10. Re1 Nf5 11. d5 d6 12. Qd3 Nh4 13. Nd2 Bg5 14. Ne4 Bxc1 15. Raxc1 Ng6 16. Qd2 Bd7 17. c4 b6 18. Rc3 Re8 19. Rce3 Re5 20. R3e2 h6 21. f4 Re8 22. g3 f5 23. Nf2 Qf6 24. Bg2 a5 25. Nd1 Nh8 26. Nc3 Nf7 27. Rxe8+ Rxe8 28. Rxe8+ Bxe8 29. Qe3 Bd7 30. Kf2 h5 31. Bf3 h4 32. Kg2 g6 33. Qf2 hxg3 34. hxg3 Kg7 35. Qe3 Kg8 36. Kf2 Kf8 37. Kg2 Qh8 38. Qd2 Qf6 39. Qe3 Nh6 40. Qd2 Ng8 41. Qe3 Qh8 42. Qd2 Be8 43. a3 Nf6 44. Qd4 Qg7 45. b4 axb4 46. axb4 Qe7 47. Kf2 Kf7 48. Qd3 Bd7 49. Qd4 Qe8 50. Qd3 Qa8 51. Qd4 Qa3 52. Nb5 Qa2+ 53. Kg1 Qb1+ 54. Kg2 Qc2+ 55. Kg1 Qc1+ 56. Kg2 Bxb5 57. cxb5 Qc2+ 58. Kg1 Qb3 59. Kg2 Qa2+ 60. Kg1 Qa4 61. Qc3 Qa7 62. Kg2 Kg7 63. Qe3 Qa2+ 64. Kg1 Qb1+ 65. Kg2 Qb2+ 66. Kg1 Kf8 67. Qe6 Qd4+ 68. Kg2 Qb2+ 69. Kh3 Qc3 70. Kg2 Qb2+ 71. Kh3 Qc3 72. Kg2 Qb2+ 73. Kh3 Qc3 74. Kg2 Qc2+ 75. Kh3 Qc3 76. Kg2 Qb2+ 1/2-1/2

[Event "SEA Rapid 31st"]
[Site "Ha Long"]
[Date "2022.05.16"]
[Round "4.4"]
[White "Poh, Yu Tian"]
[Black "Le, Quang Liem"]
[Result "0-1"]
[WhiteElo "2081"]
[BlackElo "2709"]
[PlyCount "108"]
[EventDate "2022.05.16"]
[EventType "swiss (rapid)"]
[EventRounds "5"]
[EventCountry "VIE"]
[SourceTitle "CBM 208 Extra"]
[Source "ChessBase"]
[SourceDate "2022.07.31"]
[SourceVersion "1"]
[SourceVersionDate "2022.07.31"]
[SourceQuality "1"]

1. e4 c5 2. Nf3 d6 3. d4 cxd4 4. Nxd4 Nf6 5. Nc3 Bd7 6. Bg5 e6 7. Qd2 a6 8. f4 h6 9. Bxf6 Qxf6 10. 0-0-0 Nc6 11. Nb3 Qd8 12. g3 Be7 13. Bg2 b5 14. Rhe1 0-0 15. Qe3 b4 16. Ne2 Qc7 17. g4 Rfc8 18. Kb1 a5 19. h4 a4 20. Nd2 Na5 21. Rc1 Qc5 22. Qxc5 Rxc5 23. g5 Rac8 24. c3 bxc3 25. Rxc3 hxg5 26. hxg5 e5 27. Rxc5 Rxc5 28. fxe5 Rxe5 29. g6 fxg6 30. Nf4 Bg5 31. Nd3 Rb5 32. Nf3 Bf6 33. Rc1 a3 34. b4 Nc6 35. Rc4 g5 36. Nfe1 Nd4 37. Nc2 Nxc2 38. Kxc2 Be6 39. Rc6 Bxa2 40. Ra6 Bc4 41. Rxa3 g4 42. Ra8+ Kh7 43. Rc8 Bxd3+ 44. Kxd3 Rxb4 45. Rc2 Rb3+ 46. Ke2 Kg6 47. Kf2 Bd4+ 48. Kf1 Kg5 49. Rd2 Be5 50. Kg1 Kf4 51. Bh1 Kg3 52. Rg2+ Kh3 53. Re2 Rb1+ 54. Kf2 Bd4+ 0-1

[Event "Online Olym Div2 B"]
[Site "Chess.com INT"]
[Date "2021.09.04"]
[Round "9.3"]
[White "Iordachescu, Viorel"]
[Black "Poh, Yu Tian"]
[Result "0-1"]
[WhiteElo "2587"]
[BlackElo "2081"]
[PlyCount "96"]
[EventDate "2021.09.02"]
[EventType "team (rapid)"]
[EventRounds "9"]
[EventCountry "USA"]
[SourceTitle "CBM 204 Extra"]
[Source "ChessBase"]
[SourceDate "2021.11.30"]
[SourceVersion "1"]
[SourceVersionDate "2021.11.30"]
[SourceQuality "1"]
[WhiteTeam "Moldova"]
[BlackTeam "Malaysia"]
[WhiteTeamCountry "MDA"]
[BlackTeamCountry "MAS"]

1. e4 c5 2. Nf3 d6 3. c3 Nf6 4. Be2 g6 5. 0-0 Bg7 6. Bb5+ Nc6 7. d4 0-0 8. d5 a6 9. Bd3 Na5 10. Re1 b5 11. Nbd2 h6 12. h3 e6 13. dxe6 Bxe6 14. Bc2 d5 15. e5 Nd7 16. Nf1 Nc4 17. Bf4 Nxb2 18. Qc1 Nc4 19. Bxh6 Ndxe5 20. Nxe5 Bxe5 21. Bxf8 Qxf8 22. Bd3 Qg7 23. Bxc4 bxc4 24. Rb1 Bxc3 25. Nd2 Bxd2 26. Qxd2 c3 27. Qg5 d4 28. Rb7 Re8 29. Qxc5 d3 30. Qc6 Rc8 31. Qd6 c2 32. Rb8 Qf8 33. Rxc8 Qxc8 34. Rc1 Qd7 35. Qb8+ Kh7 36. Qb2 d2 37. Qxc2 dxc1Q+ 38. Qxc1 Bxa2 39. h4 Bd5 40. Qg5 Qf5 41. Qd8 Be6 42. f3 a5 43. Qd4 Qb1+ 44. Kh2 Qb5 45. g4 a4 46. h5 gxh5 47. Qe4+ Kg8 48. Qd4 hxg4 0-1

[Event "Online Olym Div2 B"]
[Site "Chess.com INT"]
[Date "2021.09.03"]
[Round "5.5"]
[White "Lodici, Lorenzo"]
[Black "Poh, Yu Tian"]
[Result "0-1"]
[WhiteElo "2507"]
[BlackElo "2081"]
[PlyCount "130"]
[EventDate "2021.09.02"]
[EventType "team (rapid)"]
[EventRounds "9"]
[EventCountry "USA"]
[SourceTitle "CBM 204 Extra"]
[Source "ChessBase"]
[SourceDate "2021.11.30"]
[SourceVersion "1"]
[SourceVersionDate "2021.11.30"]
[SourceQuality "1"]
[WhiteTeam "Italy"]
[BlackTeam "Malaysia"]
[WhiteTeamCountry "ITA"]
[BlackTeamCountry "MAS"]

1. Nf3 Nf6 2. g3 g6 3. Bg2 Bg7 4. b3 d6 5. d4 0-0 6. Bb2 c5 7. 0-0 cxd4 8. Nxd4 d5 9. c4 dxc4 10. Na3 cxb3 11. Qxb3 Nbd7 12. Rfd1 Qb6 13. Nc4 Qxb3 14. axb3 a6 15. Rac1 Rb8 16. h3 Re8 17. b4 Nf8 18. Nb6 N6d7 19. Nd5 Ne6 20. Nxe6 Bxb2 21. Rc2 Be5 22. Nec7 Bxc7 23. Nxc7 Rf8 24. Nd5 Re8 25. Rc7 Kf8 26. g4 e6 27. Nc3 Re7 28. Ne4 Ne5 29. Rd8+ Re8 30. Rxe8+ Kxe8 31. Nd6+ Kd8 32. Rc5 Nd7 33. Rc3 f6 34. f4 Nb6 35. e4 Kd7 36. e5 Nd5 37. Rxc8 Rxc8 38. Nxc8 Kxc8 39. f5 fxe5 40. fxe6 Nc7 41. e7 Kd7 42. Bxb7 Kxe7 43. Kf2 Kd6 44. Kf3 Nd5 45. Bxa6 Nxb4 46. Bc4 Nd5 47. g5 Kc5 48. Bb3 Kd4 49. Bc2 Nc3 50. h4 e4+ 51. Kf2 Ke5 52. Bb3 Nd5 53. Kg3 Ne7 54. Kg4 Kd4 55. h5 e3 56. Bd1 Kd3 57. hxg6 hxg6 58. Kf3 Nf5 59. Be2+ Kd2 60. Ba6 Nd4+ 61. Ke4 Ne6 62. Ke5 Nxg5 63. Kf6 Nh3 64. Kxg6 Nf4+ 65. Kf5 Nd3 0-1

[Event "Online Olym Div2 B"]
[Site "Chess.com INT"]
[Date "2021.09.03"]
[Round "4.1"]
[White "Poh, Yu Tian"]
[Black "Baenziger, Fabian"]
[Result "0-1"]
[WhiteElo "2081"]
[BlackElo "2391"]
[PlyCount "124"]
[EventDate "2021.09.02"]
[EventType "team (rapid)"]
[EventRounds "9"]
[EventCountry "USA"]
[SourceTitle "CBM 204 Extra"]
[Source "ChessBase"]
[SourceDate "2021.11.30"]
[SourceVersion "1"]
[SourceVersionDate "2021.11.30"]
[SourceQuality "1"]
[WhiteTeam "Malaysia"]
[BlackTeam "Switzerland"]
[WhiteTeamCountry "MAS"]
[BlackTeamCountry "SUI"]

1. e4 c5 2. Nf3 d6 3. d4 cxd4 4. Nxd4 Nf6 5. Nc3 Nc6 6. Bg5 Bd7 7. Qd2 a6 8. 0-0-0 e6 9. f4 b5 10. Bxf6 gxf6 11. Nxc6 Bxc6 12. f5 Qb6 13. Kb1 Qc5 14. Bd3 0-0-0 15. Rhf1 Be7 16. Qf4 Rdg8 17. g3 h5 18. fxe6 fxe6 19. Ne2 Kb7 20. Qf2 Qxf2 21. Rxf2 Kc7 22. Nf4 Bd7 23. e5 dxe5 24. Ng6 Rxg6 25. Bxg6 f5 26. Rf3 b4 27. h3 e4 28. Rf2 Rg8 29. Rfd2 Bc8 30. Bxh5 Rxg3 31. Be8 e3 32. Rd4 e5 33. Rc4+ Kb8 34. a3 f4 35. Re4 b3 36. Rxe5 bxc2+ 37. Kxc2 Rg2+ 38. Kb3 Bf6 39. Re4 Rxb2+ 40. Ka4 e2 41. Rd6 Bc3 42. Rd8 Kc7 43. Rd5 e1Q 44. Rxe1 Bxe1 45. Rc5+ Kd8 46. Bc6 Bd7 47. Bxd7 Kxd7 48. Rf5 Bd2 49. h4 Rb5 50. Rf6 Ke7 51. Rg6 f3 52. Rg1 f2 53. Rf1 Be1 54. Rh1 Rf5 55. Rf1 Rf4+ 56. Kb3 Rg4 57. h5 Rg1 58. Rxf2 Bxf2 59. Ka4 Rh1 60. Ka5 Bc5 61. Ka4 Rh3 62. Ka5 Rxa3# 0-1

[Event "Online Olym Div2 B"]
[Site "Chess.com INT"]
[Date "2021.09.02"]
[Round "2.2"]
[White "Rakhmatullaev, Almas"]
[Black "Poh, Yu Tian"]
[Result "0-1"]
[WhiteElo "2183"]
[BlackElo "2081"]
[PlyCount "118"]
[EventDate "2021.09.02"]
[EventType "team (rapid)"]
[EventRounds "9"]
[EventCountry "USA"]
[SourceTitle "CBM 204 Extra"]
[Source "ChessBase"]
[SourceDate "2021.11.30"]
[SourceVersion "1"]
[SourceVersionDate "2021.11.30"]
[SourceQuality "1"]
[WhiteTeam "Uzbekistan"]
[BlackTeam "Malaysia"]
[WhiteTeamCountry "UZB"]
[BlackTeamCountry "MAS"]

1. e4 c5 2. Nf3 d6 3. d4 cxd4 4. Qxd4 Nc6 5. Bb5 Bd7 6. Bxc6 Bxc6 7. c4 Nf6 8. Nc3 g6 9. Be3 Bg7 10. Qd3 0-0 11. Nd4 Ng4 12. Rd1 Nxe3 13. Qxe3 Qb6 14. b3 e6 15. 0-0 Rad8 16. Rfe1 Rfe8 17. Qd2 d5 18. exd5 exd5 19. Rxe8+ Rxe8 20. Nxc6 bxc6 21. cxd5 Bxc3 22. Qxc3 cxd5 23. Qd2 d4 24. h3 Rd8 25. Qd3 Qc5 26. Rd2 Kg7 27. Rc2 Qe5 28. g3 h5 29. h4 Rd5 30. Re2 Qc7 31. Rc2 Qd7 32. b4 Kh7 33. a3 Re5 34. Rc1 Qd6 35. Rd1 Rd5 36. Re1 Qc7 37. Rd1 Rd6 38. Qf3 Kg7 39. Qf4 Qd8 40. Rd3 Qf6 41. Qe4 Rd7 42. b5 Qd6 43. a4 Qd5 44. Qf4 Qc4 45. Rf3 Qe6 46. Rd3 Qc4 47. Qe5+ Kh7 48. Qe4 Qxa4 49. Qe8 Rc7 50. Rf3 Qc4 51. Rf4 Qd5 52. Re4 d3 53. Re1 d2 54. Rd1 Rc1 55. Qe2 Qb3 56. Rxc1 dxc1Q+ 57. Kh2 Qcc2 58. Qf1 Qbb2 59. Kg1 Qcc1 0-1

[Event "World Cup U12 Prel"]
[Site "Tornelo INT"]
[Date "2021.08.06"]
[Round "4"]
[White "Poh, Yu Tian"]
[Black "Kshatriya, Nitin Vekhande"]
[Result "0-1"]
[WhiteElo "2081"]
[BlackElo "1782"]
[PlyCount "102"]
[EventDate "2021.08.06"]
[EventType "swiss (rapid)"]
[EventRounds "10"]
[EventCountry "NET"]
[SourceTitle "EXT 2025"]
[Source "ChessBase"]
[SourceDate "2024.10.14"]
[SourceVersion "1"]
[SourceVersionDate "2024.10.14"]
[SourceQuality "1"]

1. e4 c5 2. Nf3 d6 3. d4 cxd4 4. Nxd4 Nf6 5. Nc3 g6 6. Be3 Bg7 7. f3 0-0 8. Qd2 Nc6 9. 0-0-0 d5 10. exd5 Nxd5 11. Nxc6 bxc6 12. Bd4 e5 13. Bc5 Be6 14. Ne4 Re8 15. h4 Nf6 16. Qxd8 Raxd8 17. Rxd8 Rxd8 18. Be7 Nxe4 19. Bxd8 Bh6+ 20. Bg5 Nxg5 21. hxg5 Bxg5+ 22. Kb1 f5 23. Bd3 h5 24. b3 Kf7 25. Bc4 Bxc4 26. bxc4 e4 27. fxe4 fxe4 28. Re1 e3 29. c3 Ke6 30. Kc2 Ke5 31. Kd3 h4 32. Rb1 Kf4 33. Rb7 Kg3 34. Ke2 Bf4 35. Kf1 a5 36. Re7 g5 37. c5 g4 38. Re6 h3 39. gxh3 gxh3 40. Ke2 h2 41. Rg6+ Kh3 42. Rg7 h1Q 43. Rh7+ Kg2 44. Rxh1 Kxh1 45. a4 Kg2 46. Kd3 Kf3 47. Kc4 e2 48. Kb3 e1Q 49. Kc4 Be5 50. Kb3 Qxc3+ 51. Ka2 Qb2# 0-1